Di hadapan Pulau

Bibliographic Details
Main Author: A. Samad Ismail
Format: Book
Published: Kuala Lumpur : DBP , 1991
Subjects:

MARC

LEADER 00000cam a2200000 7i4500
001 0000004831
002 000005207
005 20000330.0
020 |a 9836208879 
090 0 0 |a F   |b ABD 
100 0 |a A. Samad Ismail 
245 1 0 |a Di hadapan Pulau   |c A.Samad Said 
260 |a Kuala Lumpur :   |b DBP ,   |c 1991 
300 |a 134p. ;   |c 24cm. 
650 0 0 |a General fiction, Malay 
999 |a 037542   |b BUKU   |c PINJAMAN   |e PERPUSTAKAAN KOMUNITI PETALING JAYA 
999 |a 037543   |b BUKU   |c PINJAMAN   |e PERPUSTAKAAN KOMUNITI PETALING JAYA